Crofting community right to buy under Part 3 of the Land Reform (Scotland) Act 2003 (Record no. 109725)

MARC details
000 -LEADER
fixed length control field 01337cad a22002535a 4500
001 - CONTROL NUMBER
control field E147800
008 - FIXED-LENGTH DATA ELEMENTS--GENERAL INFORMATION
fixed length control field 090619s2009 xxk f s000 0 eng d
020 ## - INTERNATIONAL STANDARD BOOK NUMBER
International Standard Book Number 9780755990221
035 ## - SYSTEM CONTROL NUMBER
System control number (Sirsi) u147800
041 0# - LANGUAGE CODE
Language code of text/sound track or separate title eng
050 04 - LIBRARY OF CONGRESS CALL NUMBER
Classification number 630.0269411 $2 18
110 2# - MAIN ENTRY--CORPORATE NAME
Corporate name or jurisdiction name as entry element Scotland
Subordinate unit Scottish Government
9 (RLIN) 5344
245 00 - TITLE STATEMENT
Title Crofting community right to buy under Part 3 of the Land Reform (Scotland) Act 2003
Medium [electronic resource]
260 ## - PUBLICATION, DISTRIBUTION, ETC.
Place of publication, distribution, etc. Edinburgh
Name of publisher, distributor, etc. Scottish Government
Date of publication, distribution, etc. 2009
505 2# - FORMATTED CONTENTS NOTE
Formatted contents note Introduction -- Section 1: guidance for Crofting Community Bodies (CCBs) -- Section 2: guidance for landowners and heritable creditors -- Section 3: guidance for third parties -- Annexes
520 ## - SUMMARY, ETC.
Summary, etc. Offers guidance for crofting communities thinking about acquiring land under the right to buy provisions contained in the Land Reform (Scotland) Act 2003 Part 3. Also provides advice for landowners who may be affected by such a right to buy application, and others who may be involved.
521 ## - TARGET AUDIENCE NOTE
Target audience note Introductory
590 ## - LOCAL NOTE (RLIN)
Local note KA
650 24 - SUBJECT ADDED ENTRY--TOPICAL TERM
Topical term or geographic name entry element LAND REFORM (SCOTLAND) ACT 2003
651 #4 - SUBJECT ADDED ENTRY--GEOGRAPHIC NAME
Geographic name Scotland
Chronological subdivision 1999-
690 ## - LOCAL SUBJECT ADDED ENTRY--TOPICAL TERM (OCLC, RLIN)
Topical term or geographic name as entry element ENVIRONMENTAL AND LAND CONSULTANCY-AGRIBUSINESS-AGRICULTURE
856 40 - ELECTRONIC LOCATION AND ACCESS
Uniform Resource Identifier <a href="https://www.scotland.gov.uk/Publications/2009/06/10150129/0">https://www.scotland.gov.uk/Publications/2009/06/10150129/0</a>
Public note View the guidance free of charge at www.scotland.gov.uk...
942 ## - ADDED ENTRY ELEMENTS (KOHA)
Suppress in OPAC 0
Holdings
Withdrawn status Lost status Source of classification or shelving scheme Damaged status Not for loan Home library Current library Shelving location Date acquired Total Checkouts Full call number Barcode Date last seen Copy number Price effective from Koha item type
    Dewey Decimal Classification     Virtual Virtual Online 19/06/2009   ONLINE PUBLICATION 147800-2001 06/08/2019 1 06/08/2019 Book